Pippi Langstrumpf in anderen Sprachen - Statistiken

Allgemein
  • Dieses Quiz wurde 40 mal gespielt
  • Das Durchschnittsergebnis liegt bei 10 aus 15
Antwortstatistiken
Hint Antwort % Korrekt
Pippi Pończoszanka Polnisch
97%
Pippi Longstocking Englisch
83%
Nagakutsushita no Pippi Japanisch
80%
Peppi Pitkätossu Finnisch
71%
Pipi Duga Čarapa Kroatisch
71%
Pippi Långstrump Schwedisch
69%
Pippi Uzunçorap Türkisch
69%
Pippi Langstrømpe Dänisch
66%
Fifi Brindacier Französisch
63%
Harisnyás Pippi Ungarisch
63%
Pippi Calzelunghe Italienisch
54%
Lína langsokkur Isländisch
49%
Pippi Dlinnyjchulok Russisch
46%
Pippi Langkous Niederländisch
43%
Pipi Fakidomýti Griechisch
29%
Keine übereinstimmenden Quizze gefunden
Verteilung der Resultate
Anzahl Personen mit jedem Resultat
Perzentil nach korrekt beantworteten Fragen
Ihre Resultats-Entwicklung
Sie haben dieses Quiz noch nicht gespielt